PRACTICAL HANDBOOK OF PHARMACEUTICAL ANALYSIS (Record no. 5856)

MARC details
000 -LEADER
fixed length control field 00477nam a22001697a 4500
005 - DATE AND TIME OF LATEST TRANSACTION
control field 20240108133833.0
008 - FIXED-LENGTH DATA ELEMENTS--GENERAL INFORMATION
fixed length control field 190527b xxu||||| |||| 00| 0 eng d
020 ## - INTERNATIONAL STANDARD BOOK NUMBER
ISBN 978-93-5164-216-9
041 ## - LANGUAGE CODE
Language code of text/sound track or separate title eng
100 ## - MAIN ENTRY--AUTHOR NAME
Personal name BARI, DR. S.B.,SONAWANE,DR. L.V.,BHIRUD D.N., POUL,DR.B.N
245 ## - TITLE STATEMENT
Title PRACTICAL HANDBOOK OF PHARMACEUTICAL ANALYSIS
250 ## - EDITION STATEMENT
Edition statement 5th, Ed. 2018
260 ## - PUBLICATION, DISTRIBUTION, ETC. (IMPRINT)
Place of publication PUNE
Name of publisher NIRALI PRAKASHAN
300 ## - PHYSICAL DESCRIPTION
Number of Pages 120p,
650 ## - SUBJECT ADDED ENTRY--TOPICAL TERM
Topical Term PHARMACY
General subdivision D.PHARMA
942 ## - ADDED ENTRY ELEMENTS (KOHA)
Koha item type Books
Holdings
Lost status Damaged status Collection code Home library Current library Shelving location Date acquired Source of acquisition Cost, normal purchase price Accession Number Koha item type Full call number
    Reference JRU Library JRU Library SHELF-4-D 27/05/2019 PURCHESS 120.00 22748 Books  
    PHARMACY JRU Library JRU Library Shelf - 27- C 27/05/2019 PURCHESS 120.00 22749 Books 615.19
    PHARMACY JRU Library JRU Library Shelf - 27- C 27/05/2019 PURCHESS 120.00 22750 Books 615.19